[Event "Warsaw Szansa rapid op"]
[Site "Warsaw"]
[Date "2023.09.17"]
[Round "5"]
[White "Klim, Filip"]
[Black "Minald, Andrey"]
[Result "1-0"]
[WhiteElo "1990"]
[BlackElo "2101"]
[PlyCount "95"]
[EventDate "2023.09.17"]
[EventType "swiss (rapid)"]
[EventRounds "9"]
[EventCountry "POL"]
[SourceTitle "CBM 216 Extra"]
[Source "ChessBase"]
[SourceDate "2023.11.30"]
[SourceVersion "1"]
[SourceVersionDate "2023.11.30"]
[SourceQuality "1"]

1. e4 c5 2. Nf3 d6 3. d4 cxd4 4. Nxd4 Nf6 5. Nc3 a6 6. h4 e5 7. Nb3 Be6 8. f4 Be7 9. f5 Bxb3 10. axb3 Nc6 11. Be3 b5 12. Bd3 0-0 13. g4 b4 14. Na4 d5 15. g5 Nxe4 16. Qf3 Nd4 17. Bxd4 exd4 18. 0-0-0 Bxg5+ 19. hxg5 Qxg5+ 20. Kb1 Nd2+ 21. Rxd2 Qxd2 22. Qh5 Qh6 23. Qxh6 gxh6 24. f6 Rfe8 25. Rxh6 Re1+ 26. Ka2 Rg1 27. Bxh7+ Kf8 28. Nb6 Rd8 29. Bf5 Rd6 30. Rh8+ Rg8 31. Nd7+ Rxd7 32. Rxg8+ Kxg8 33. Bxd7 Kh7 34. Bc6 Kg6 35. Bxd5 Kxf6 36. Kb1 Ke7 37. Kc1 f5 38. Kd2 Kd6 39. Bc4 a5 40. Kd3 Ke5 41. Bf7 Kf6 42. Bd5 Ke5 43. Bb7 Kf4 44. Kxd4 Kg3 45. Kc4 f4 46. Kb5 Kf2 47. Kxa5 Ke3 48. Kxb4 1-0

[Event "Warsaw Szansa blitz op"]
[Site "Warsaw"]
[Date "2023.09.16"]
[Round "3"]
[White "Slusarczyk, Anna"]
[Black "Minald, Andrey"]
[Result "1-0"]
[WhiteElo "1650"]
[BlackElo "2101"]
[PlyCount "59"]
[EventDate "2023.09.16"]
[EventType "swiss (blitz)"]
[EventRounds "13"]
[EventCountry "POL"]
[SourceTitle "CBM 216 Extra"]
[Source "ChessBase"]
[SourceDate "2023.11.30"]
[SourceVersion "1"]
[SourceVersionDate "2023.11.30"]
[SourceQuality "1"]

1. d4 Nf6 2. Nf3 e6 3. a3 c5 4. c4 cxd4 5. Nxd4 Nc6 6. Nc3 Be7 7. e4 d6 8. Be3 0-0 9. Be2 Bd7 10. 0-0 a6 11. f4 Rc8 12. Nb3 Qc7 13. Rc1 Rfd8 14. Bf3 Bf8 15. Nd5 exd5 16. cxd5 Qb8 17. dxc6 bxc6 18. Bd4 Be7 19. e5 Nd5 20. Bxd5 cxd5 21. Qd3 Bb5 22. Qe3 Bxf1 23. Rxf1 dxe5 24. fxe5 Bf8 25. e6 fxe6 26. Qxe6+ Kh8 27. Qf7 Qxb3 28. Qa7 Qd3 29. Rxf8+ Rxf8 30. Qxg7# 1-0

[Event "Warsaw Najdorf Memorial op-A 20th"]
[Site "Warsaw"]
[Date "2023.07.18"]
[Round "8"]
[White "Jedrusik, Adam"]
[Black "Minald, Andrey"]
[Result "1/2-1/2"]
[WhiteElo "1970"]
[BlackElo "2091"]
[PlyCount "60"]
[EventDate "2023.07.11"]
[EventType "swiss"]
[EventRounds "9"]
[EventCountry "POL"]
[SourceTitle "EXT 2024"]
[Source "ChessBase"]
[SourceDate "2023.10.10"]
[SourceVersion "1"]
[SourceVersionDate "2023.10.10"]
[SourceQuality "1"]

1. d4 d5 2. c4 e6 3. Nc3 Nf6 4. cxd5 exd5 5. Bg5 c6 6. e3 Bd6 7. Bd3 0-0 8. Qc2 h6 9. Bh4 Re8 10. Nf3 Nbd7 11. 0-0 Nf8 12. Rab1 Bg4 13. Nd2 Bh5 14. Bg3 Bxg3 15. hxg3 Bg6 16. b4 a6 17. a4 Bxd3 18. Qxd3 Ne6 19. Nb3 Ng5 20. b5 axb5 21. axb5 Nge4 22. bxc6 bxc6 23. Nxe4 Nxe4 24. Nd2 Re6 25. Nxe4 dxe4 26. Qe2 Ra5 27. Qg4 Qf6 28. Qh4 Rg5 29. Rfc1 Kh7 30. Rc2 Qg6 1/2-1/2

[Event "Warsaw Maciei Memorial"]
[Site "Warsaw"]
[Date "2023.07.10"]
[Round "3"]
[White "Kazakouski, Valery"]
[Black "Minald, Andrey"]
[Result "1-0"]
[WhiteElo "2539"]
[BlackElo "2091"]
[PlyCount "85"]
[EventDate "2023.07.10"]
[EventType "swiss (blitz)"]
[EventRounds "11"]
[EventCountry "POL"]
[SourceTitle "CBM 215 Extra"]
[Source "ChessBase"]
[SourceDate "2023.09.30"]
[SourceVersion "1"]
[SourceVersionDate "2023.09.30"]
[SourceQuality "1"]

1. Nf3 d5 2. c4 c6 3. g3 Nf6 4. Bg2 Bf5 5. Qb3 Qb6 6. 0-0 e6 7. d3 Nbd7 8. cxd5 exd5 9. Qc2 Be7 10. Nc3 0-0 11. e4 dxe4 12. dxe4 Bg6 13. Nh4 Rfe8 14. Nxg6 hxg6 15. Be3 Qc7 16. h3 a6 17. f4 Nf8 18. e5 N6d7 19. Nd5 Qd8 20. Nxe7+ Qxe7 21. Bf2 Rad8 22. a3 Ne6 23. b4 Nc7 24. Rad1 Nf8 25. Bc5 Qe6 26. Bb6 Rxd1 27. Rxd1 Nd5 28. Bd4 Qd7 29. Bf2 g5 30. fxg5 Rxe5 31. h4 Qe6 32. Qb3 Ne3 33. Qxe6 Rxe6 34. Rd8 Nxg2 35. Kxg2 g6 36. Bc5 Re2+ 37. Kf3 Ra2 38. Rxf8+ Kg7 39. Rb8 Rxa3+ 40. Kf4 b5 41. Bd4+ f6 42. Rb7+ Kg8 43. gxf6 1-0

[Event "Warsaw Maciei Memorial"]
[Site "Warsaw"]
[Date "2023.07.10"]
[Round "7"]
[White "Siekanska, Maria"]
[Black "Minald, Andrey"]
[Result "0-1"]
[WhiteElo "1918"]
[BlackElo "2091"]
[PlyCount "81"]
[EventDate "2023.07.10"]
[EventType "swiss (blitz)"]
[EventRounds "11"]
[EventCountry "POL"]
[SourceTitle "CBM 215 Extra"]
[Source "ChessBase"]
[SourceDate "2023.09.30"]
[SourceVersion "1"]
[SourceVersionDate "2023.09.30"]
[SourceQuality "1"]

1. e4 Nf6 2. e5 Nd5 3. d4 d6 4. exd6 cxd6 5. c4 Nf6 6. Nc3 g6 7. g3 Bg7 8. Bg2 Nc6 9. Nf3 0-0 10. 0-0 Bg4 11. h3 Bd7 12. d5 Nb8 13. Re1 Re8 14. Kh2 a5 15. Be3 Na6 16. Rc1 b6 17. b3 Nc5 18. Nd4 Qc8 19. Qd2 Bf5 20. Nxf5 Qxf5 21. Nb5 Rab8 22. Nd4 Qd3 23. Qb2 Nfd7 24. Nc6 Bxb2 25. Rcd1 Qf5 26. g4 Qf6 27. f4 Rbc8 28. Re2 Qg7 29. Bf2 Bf6 30. Bg3 h5 31. g5 Bd4 32. Nxe7+ Rxe7 33. Rxe7 Qf8 34. Rde1 Nd3 35. R1e2 Bg7 36. f5 N7e5 37. f6 Bh8 38. Be4 Re8 39. Bxd3 Rxe7 40. fxe7 Qxe7 41. Kg2 0-1

[Event "EU-ch Blitz"]
[Site "Katowice"]
[Date "2022.12.16"]
[Round "20"]
[White "Cramling, Pia"]
[Black "Minald, Andrey"]
[Result "1-0"]
[WhiteElo "2463"]
[BlackElo "2091"]
[PlyCount "87"]
[EventDate "2022.12.16"]
[EventType "swiss (blitz)"]
[EventRounds "22"]
[EventCountry "POL"]
[SourceTitle "CBM 211 Extra"]
[Source "ChessBase"]
[SourceDate "2023.01.31"]
[SourceVersion "1"]
[SourceVersionDate "2023.01.31"]
[SourceQuality "1"]

1. Nf3 d5 2. d4 Nf6 3. c4 c6 4. Qb3 e6 5. Bg5 Nbd7 6. Nc3 h6 7. Bh4 Bd6 8. e3 0-0 9. Be2 Re8 10. 0-0 Nf8 11. Bxf6 Qxf6 12. e4 dxe4 13. Nxe4 Qe7 14. Rad1 Ng6 15. Nxd6 Qxd6 16. Rfe1 b6 17. Bd3 Nf4 18. Bf1 Bb7 19. c5 Qc7 20. Qc2 Rad8 21. b4 b5 22. Ne5 a5 23. a3 Ra8 24. Ra1 Nd5 25. Qb2 Ra7 26. Be2 Rea8 27. Nd3 Bc8 28. Bf3 Qd8 29. h3 Qg5 30. Kh1 Bd7 31. Re5 Qf6 32. Ree1 Be8 33. Bxd5 exd5 34. a4 axb4 35. axb5 Rxa1 36. Rxa1 Rxa1+ 37. Qxa1 cxb5 38. Qb2 Qe7 39. Nxb4 Qe1+ 40. Kh2 Qe4 41. Qd2 g5 42. Qe3 Qxe3 43. fxe3 Bd7 44. Nxd5 1-0

[Event "EU-ch Blitz"]
[Site "Katowice"]
[Date "2022.12.16"]
[Round "9"]
[White "Madan, Augustin"]
[Black "Minald, Andrey"]
[Result "1-0"]
[WhiteElo "2292"]
[BlackElo "2091"]
[PlyCount "67"]
[EventDate "2022.12.16"]
[EventType "swiss (blitz)"]
[EventRounds "22"]
[EventCountry "POL"]
[SourceTitle "CBM 211 Extra"]
[Source "ChessBase"]
[SourceDate "2023.01.31"]
[SourceVersion "1"]
[SourceVersionDate "2023.01.31"]
[SourceQuality "1"]

1. d4 d5 2. c4 c6 3. Nf3 Nf6 4. Nc3 e6 5. e3 Bd6 6. Be2 0-0 7. 0-0 Nbd7 8. b3 Re8 9. Bb2 b6 10. Qc2 Bb7 11. Rad1 Qe7 12. e4 dxe4 13. Nxe4 Nxe4 14. Qxe4 Nf6 15. Qh4 Rad8 16. Bd3 h6 17. Rfe1 Ba3 18. Ba1 Nd7 19. Qe4 Nf6 20. Qh4 a5 21. Ne5 c5 22. dxc5 Bxc5 23. Ng4 Nxg4 24. Qxg4 f5 25. Qg3 Qf7 26. Be5 Rd7 27. Be2 Red8 28. Rxd7 Rxd7 29. Bf3 Bb4 30. Rf1 Rd3 31. Qf4 Bxf3 32. gxf3 Qg6+ 33. Qg3 Rxf3 34. Qxg6 1-0

[Event "EU-ch Blitz"]
[Site "Katowice"]
[Date "2022.12.16"]
[Round "19"]
[White "Minald, Andrey"]
[Black "Cramling, Pia"]
[Result "1-0"]
[WhiteElo "2091"]
[BlackElo "2463"]
[PlyCount "100"]
[EventDate "2022.12.16"]
[EventType "swiss (blitz)"]
[EventRounds "22"]
[EventCountry "POL"]
[SourceTitle "CBM 211 Extra"]
[Source "ChessBase"]
[SourceDate "2023.01.31"]
[SourceVersion "1"]
[SourceVersionDate "2023.01.31"]
[SourceQuality "1"]

1. c4 c5 2. Nf3 Nf6 3. Nc3 Nc6 4. d4 cxd4 5. Nxd4 e6 6. Bg5 Bc5 7. Nxc6 bxc6 8. e3 h6 9. Bh4 0-0 10. Be2 d5 11. 0-0 Be7 12. Qc2 Rb8 13. b3 Qa5 14. Rac1 Bd7 15. Rfd1 Rfc8 16. e4 Qd8 17. Qd3 Be8 18. exd5 cxd5 19. cxd5 Nxd5 20. Bxe7 Nxe7 21. Qa6 Qb6 22. Ne4 Rxc1 23. Rxc1 Qxa6 24. Bxa6 Nd5 25. Nd6 Bd7 26. Kf1 Kf8 27. Ne4 Ke7 28. Bc4 Rc8 29. g3 Nb6 30. Nd2 Bb5 31. Ke2 Nxc4 32. Nxc4 Rc5 33. Kd3 g5 34. Kc3 Rf5 35. Rc2 Rd5 36. a4 Bd7 37. Ne3 Re5 38. Kd4 Ra5 39. Rc7 Kd8 40. Rb7 Kc8 41. Rb4 e5+ 42. Ke4 Be6 43. f3 h5 44. g4 hxg4 45. fxg4 Rc5 46. Rb5 Rc1 47. Rxe5 Bxb3 48. a5 f6 49. Re8+ Kb7 50. Rf8 Ra1 1-0

[Event "EU-ch Blitz"]
[Site "Katowice"]
[Date "2022.12.16"]
[Round "18"]
[White "Minald, Andrey"]
[Black "Psyk, Radoslaw"]
[Result "0-1"]
[WhiteElo "2091"]
[BlackElo "2438"]
[PlyCount "112"]
[EventDate "2022.12.16"]
[EventType "swiss (blitz)"]
[EventRounds "22"]
[EventCountry "POL"]
[SourceTitle "CBM 211 Extra"]
[Source "ChessBase"]
[SourceDate "2023.01.31"]
[SourceVersion "1"]
[SourceVersionDate "2023.01.31"]
[SourceQuality "1"]

1. c4 e5 2. Nc3 d6 3. g3 f5 4. Bg2 Nf6 5. e3 Be7 6. b3 0-0 7. Bb2 c6 8. Nge2 Be6 9. d4 e4 10. Qd2 d5 11. cxd5 cxd5 12. 0-0 Bf7 13. a3 Na6 14. b4 Nc7 15. Rac1 Ne6 16. f4 Bh5 17. h3 Kh8 18. Na4 b6 19. Nac3 Qd7 20. Qc2 Rac8 21. Qb3 Rc4 22. Nb1 Bxe2 23. Rfe1 Bd3 24. Nd2 Rxc1 25. Rxc1 Rc8 26. Bc3 Bb5 27. Qb2 Ne8 28. Kf2 Nd6 29. g4 Bh4+ 30. Kg1 Be7 31. g5 Nc4 32. Nxc4 Bxc4 33. h4 Qa4 34. Bh3 g6 35. Kf2 Qb3 36. Bg2 Qxb2+ 37. Bxb2 Rc7 38. Bf1 Bxf1 39. Kxf1 Rxc1+ 40. Bxc1 Kg8 41. Ke2 a6 42. Kd2 Nc7 43. Kc3 Kf7 44. Bd2 Ke6 45. Be1 Kd6 46. Bd2 Kc6 47. Kb3 Nb5 48. Be1 Nd6 49. Bd2 Nc4 50. Bc1 a5 51. bxa5 bxa5 52. Ka4 Kb6 53. Kb3 Kb5 54. a4+ Kc6 55. Kc3 Ba3 56. Bxa3 Nb6 0-1

[Event "World Corporate East A"]
[Site "Chess.com INT"]
[Date "2021.02.20"]
[Round "6.5"]
[White "Stohanzl, Nikola"]
[Black "Minald, Andrey"]
[Result "0-1"]
[WhiteElo "1763"]
[BlackElo "2091"]
[PlyCount "50"]
[EventDate "2021.02.19"]
[EventType "team (rapid)"]
[EventRounds "7"]
[EventCountry "USA"]
[SourceTitle "EXT 2022"]
[Source "ChessBase"]
[SourceDate "2021.10.06"]
[SourceVersion "1"]
[SourceVersionDate "2021.10.06"]
[SourceQuality "1"]
[WhiteTeam "NESS"]
[BlackTeam "Itransition"]
[WhiteTeamCountry "CZE"]
[BlackTeamCountry "BLR"]

1. f4 d5 2. Nf3 g6 3. e3 Bg7 4. Nc3 Nf6 5. b3 0-0 6. Bd3 c5 7. 0-0 Nc6 8. Bb2 a6 9. a4 b6 10. Qe1 Nb4 11. Rc1 Bb7 12. Qh4 d4 13. exd4 Nxd3 14. cxd3 Bxf3 15. Rxf3 Qxd4+ 16. Qf2 Ng4 17. Qxd4 Bxd4+ 18. Kh1 Nf2+ 19. Rxf2 Bxf2 20. Ne4 Bd4 21. Bc3 Rfd8 22. Rd1 Ra7 23. g4 Rad7 24. f5 Bxc3 25. dxc3 Rxd3 0-1

[Event "BLR-chB"]
[Site "Minsk"]
[Date "2020.01.30"]
[Round "5"]
[White "Minald, Andrey"]
[Black "Pogosian, Manvel"]
[Result "0-1"]
[WhiteElo "2076"]
[BlackElo "2383"]
[PlyCount "94"]
[EventDate "2020.01.26"]
[EventType "swiss"]
[EventRounds "9"]
[EventCountry "BLR"]
[SourceTitle "CBM 194 Extra"]
[Source "ChessBase"]
[SourceDate "2020.03.31"]
[SourceVersion "1"]
[SourceVersionDate "2020.03.31"]
[SourceQuality "1"]

1. c4 Nf6 2. Nf3 e6 3. e3 d5 4. b3 c5 5. Bb2 Nc6 6. cxd5 exd5 7. h3 Bd6 8. Be2 0-0 9. 0-0 a6 10. d4 cxd4 11. Nxd4 Re8 12. Nxc6 bxc6 13. Nc3 Bb8 14. Na4 Qd6 15. f4 Rxe3 16. Bd4 Ba7 17. Bxa7 Rxa7 18. Qd4 Rae7 19. Bf3 Bf5 20. Nc5 Ne8 21. Rac1 Qg6 22. Kh2 h5 23. Rc3 Rxc3 24. Qxc3 h4 25. Nxa6 Bd3 26. Qb4 Re6 27. Bg4 f5 28. Nc5 Bxf1 29. Nxe6 Qxe6 30. Bf3 Kh7 31. a4 Nc7 32. Qf8 Qd7 33. Bh5 g6 34. Bd1 Ne6 35. Qf6 Qd6 36. Qxh4+ Kg7 37. Qe1 Ba6 38. g3 d4 39. h4 Nc5 40. Qe8 Qe6 41. Qd8 Qe3 42. Bf3 Bf1 43. Bxc6 Ne4 44. Qe7+ Kh6 45. Bxe4 Qxe4 46. Qf8+ Kh5 47. g4+ Kxg4 0-1

[Event "Minsk rapid op2"]
[Site "Minsk"]
[Date "2018.06.27"]
[Round "3"]
[White "Irgaliyev, Alikhan"]
[Black "Minald, Andrey"]
[Result "1/2-1/2"]
[WhiteElo "2442"]
[BlackElo "2082"]
[PlyCount "112"]
[EventDate "2018.06.27"]
[EventType "swiss (rapid)"]
[EventRounds "9"]
[EventCountry "BLR"]
[SourceTitle "EXT 2021"]
[Source "ChessBase"]
[SourceDate "2020.10.23"]
[SourceVersion "1"]
[SourceVersionDate "2020.10.23"]
[SourceQuality "1"]

1. d4 d5 2. Nf3 Nf6 3. e3 c6 4. c4 e6 5. Bd3 Bd6 6. Nbd2 0-0 7. 0-0 Nbd7 8. a3 h6 9. b4 Re8 10. b5 cxb5 11. cxb5 e5 12. dxe5 Nxe5 13. Be2 Qe7 14. Bb2 Bd7 15. Qb3 Rac8 16. h3 Nxf3+ 17. Nxf3 Be6 18. Qa4 Bc5 19. Bd4 b6 20. Nd2 Bxd4 21. Qxd4 Rc2 22. Bd1 Rc7 23. a4 Rec8 24. a5 Qc5 25. Qxc5 Rxc5 26. Be2 Rc2 27. Rfd1 Ne4 28. Nxe4 dxe4 29. Kf1 Rb2 30. axb6 axb6 31. Rab1 Ra2 32. Rdc1 Rd8 33. Rd1 Rc8 34. Rbc1 Rcc2 35. Rxc2 Rxc2 36. Ke1 Kf8 37. Rd6 Rb2 38. Rxb6 Rb1+ 39. Kd2 Rb2+ 40. Kd1 Bb3+ 41. Ke1 Rb1+ 42. Kd2 Rb2+ 43. Kc3 Rxe2 44. Kxb3 Rxf2 45. Rb8+ Ke7 46. b6 Kd7 47. Kc4 Kc6 48. Kd4 Rxg2 49. Kxe4 Rh2 50. Rg8 Kxb6 51. Rxg7 Rxh3 52. Rxf7 Kc6 53. Kf4 Rh1 54. Ke5 Rh5+ 55. Kf6 Kd6 56. e4 Re5 1/2-1/2

[Event "BLR-chT"]
[Site "Minsk"]
[Date "2016.05.01"]
[Round "7"]
[White "Minald, Andrey"]
[Black "Kuleba, Ivan"]
[Result "1-0"]
[WhiteElo "2100"]
[BlackElo "1373"]
[PlyCount "39"]
[EventDate "2016.04.25"]
[EventType "team-swiss"]
[EventRounds "7"]
[EventCountry "BLR"]
[SourceTitle "CBM 172 Extra"]
[Source "ChessBase"]
[SourceDate "2016.06.21"]
[SourceVersion "1"]
[SourceVersionDate "2016.06.21"]
[SourceQuality "1"]
[WhiteTeam "Itransition"]
[BlackTeam "Champions"]
[WhiteTeamCountry "BLR"]
[BlackTeamCountry "BLR"]

1. d4 d5 2. c4 c6 3. Nc3 dxc4 4. a4 e6 5. e4 Nf6 6. Bxc4 Bb4 7. Qd3 h6 8. Nge2 0-0 9. 0-0 Nbd7 10. Qg3 Kh8 11. Be3 b6 12. f4 Qc7 13. Rac1 Bb7 14. e5 Nh7 15. f5 Rae8 16. fxe6 fxe6 17. Nf4 Rxf4 18. Rxf4 Ndf8 19. Rcf1 Re7 20. Rxf8+ 1-0

[Event "BLR-chT"]
[Site "Minsk"]
[Date "2016.04.30"]
[Round "6"]
[White "Martuliov, Piotr"]
[Black "Minald, Andrey"]
[Result "0-1"]
[WhiteElo "1898"]
[BlackElo "2100"]
[PlyCount "160"]
[EventDate "2016.04.25"]
[EventType "team-swiss"]
[EventRounds "7"]
[EventCountry "BLR"]
[SourceTitle "CBM 172 Extra"]
[Source "ChessBase"]
[SourceDate "2016.06.21"]
[SourceVersion "1"]
[SourceVersionDate "2016.06.21"]
[SourceQuality "1"]
[WhiteTeam "Gambit"]
[BlackTeam "Itransition"]
[WhiteTeamCountry "BLR"]
[BlackTeamCountry "BLR"]

1. d4 Nf6 2. Nf3 g6 3. Bf4 Bg7 4. c3 d6 5. h3 c6 6. e3 0-0 7. Nbd2 Nbd7 8. Bd3 Re8 9. Bh2 e5 10. dxe5 dxe5 11. Bc4 b5 12. Be2 a6 13. a4 Bb7 14. axb5 cxb5 15. 0-0 Qb6 16. Qc2 Rac8 17. Rfd1 Re7 18. Ne1 Nc5 19. Nd3 Nfe4 20. Nxc5 Nxc5 21. Bf3 Bxf3 22. Nxf3 Qe6 23. Nd2 e4 24. Bg3 h6 25. Ra3 Rd7 26. Nb3 Nd3 27. Rda1 Rc6 28. Na5 Rc8 29. Nb3 Bf8 30. Rxa6 Nb4 31. Rxe6 Nxc2 32. Rc1 fxe6 33. Rxc2 Rd1+ 34. Kh2 Kf7 35. Nd2 Rc6 36. Nxe4 Bg7 37. b3 Rd3 38. c4 Rxb3 39. c5 Bf8 40. Rd2 Ke7 41. Bd6+ Ke8 42. Be5 Rxc5 43. Nxc5 Bxc5 44. Bg7 h5 45. Kg3 Ke7 46. Be5 Rb4 47. h4 Rc4 48. Bf4 Bb6 49. Bg5+ Ke8 50. Kf3 Bc7 51. Ke2 Rc6 52. Rb2 Rb6 53. Kd3 Be5 54. Rb3 Kd7 55. Ke4 Bg7 56. Bf4 Kc6 57. Kd3 Rb7 58. e4 Rd7+ 59. Kc2 Kc5 60. Rg3 Kc4 61. Rxg6 b4 62. Rg3 Bc3 63. Bc1 b3+ 64. Kb1 Rd1 65. Rg8 b2 66. Rc8+ Kb4 67. Rb8+ Kc4 68. Rc8+ Kd3 69. Rd8+ Bd4 70. Rxd4+ Kxd4 71. Kxb2 Kxe4 72. Kc2 Rg1 73. g3 Kf3 74. Be3 Re1 75. Bb6 e5 76. Ba7 e4 77. Bb6 Re2+ 78. Kb3 Rxf2 79. Bxf2 Kxf2 80. g4 e3 0-1

[Event "Wch U16"]
[Site "Al Ain"]
[Date "2013.12.22"]
[Round "6"]
[White "Choi, Ian"]
[Black "Minald, Andrey"]
[Result "0-1"]
[WhiteElo "1655"]
[BlackElo "1848"]
[PlyCount "68"]
[EventDate "2013.12.18"]
[EventType "swiss"]
[EventRounds "11"]
[EventCountry "UAE"]
[SourceTitle "CBM 158 Extra"]
[Source "ChessBase"]
[SourceDate "2014.02.28"]
[SourceVersion "1"]
[SourceVersionDate "2014.02.28"]
[SourceQuality "1"]

1. d4 f5 2. Nc3 e6 3. Bf4 Bb4 4. e3 Nf6 5. Bd3 b6 6. Nge2 Bb7 7. a3 Bxc3+ 8. Nxc3 0-0 9. 0-0 d6 10. Ne2 Kh8 11. c4 Nbd7 12. Bg3 Qe7 13. Rc1 Rae8 14. d5 Nc5 15. Nd4 Nfe4 16. Bxe4 fxe4 17. b4 Nd3 18. Nxe6 Nxc1 19. Nxf8 Qxf8 20. Qxc1 b5 21. Rd1 h5 22. h3 h4 23. Bh2 Qf6 24. Rf1 bxc4 25. Qxc4 Qf5 26. b5 Rf8 27. Qe2 Bxd5 28. Rc1 Kg8 29. a4 Bb3 30. a5 Qd5 31. Qg4 Qd2 32. Rf1 Bc4 33. Qd1 Rxf2 34. Re1 Rxg2+ 0-1

[Event "Wch U16"]
[Site "Al Ain"]
[Date "2013.12.21"]
[Round "5"]
[White "Minald, Andrey"]
[Black "Todorovic, Nenad I"]
[Result "0-1"]
[WhiteElo "1848"]
[BlackElo "2125"]
[PlyCount "128"]
[EventDate "2013.12.18"]
[EventType "swiss"]
[EventRounds "11"]
[EventCountry "UAE"]
[SourceTitle "CBM 158 Extra"]
[Source "ChessBase"]
[SourceDate "2014.02.28"]
[SourceVersion "1"]
[SourceVersionDate "2014.02.28"]
[SourceQuality "1"]

1. d4 Nf6 2. c4 e6 3. Nc3 Bb4 4. Qc2 0-0 5. Nf3 c5 6. e3 b6 7. g3 Bb7 8. Bg2 cxd4 9. exd4 d5 10. cxd5 Bxd5 11. 0-0 Qc8 12. Bg5 Nbd7 13. Rac1 Bxc3 14. bxc3 b5 15. Rfe1 Qb7 16. Nh4 Bxg2 17. Nxg2 Nd5 18. c4 bxc4 19. Qxc4 Rfc8 20. Qe2 Rab8 21. Bf4 Rxc1 22. Rxc1 Rc8 23. Rxc8+ Qxc8 24. Qb2 N7b6 25. Qc1 Qxc1+ 26. Bxc1 Nc3 27. Bd2 Ne2+ 28. Kf1 Nxd4 29. Be3 Nb5 30. Ke2 Nc3+ 31. Kd3 Nxa2 32. Bxb6 axb6 33. Kc4 Nc1 34. Kb5 Nd3 35. f3 f5 36. Kxb6 Ne5 37. f4 Ng4 38. h4 Nf2 39. Ne3 Ne4 40. Nf1 Kf7 41. h5 h6 42. Kb5 Nf6 43. Kc4 Nxh5 44. Kd4 Kf6 45. Ke3 g5 46. Kf3 e5 47. fxe5+ Kxe5 48. Nd2 g4+ 49. Kf2 f4 50. gxf4+ Kxf4 51. Nc4 Nf6 52. Nb2 h5 53. Nd3+ Kf5 54. Kg3 Kg5 55. Nc5 h4+ 56. Kh2 h3 57. Ne6+ Kh4 58. Nd4 g3+ 59. Kh1 Kg4 60. Kg1 Nd5 61. Nc2 Nf4 62. Ne1 Ne2+ 63. Kh1 Nd4 64. Nd3 g2+ 0-1

[Event "Moscow Dvorkovich Cup U16 8th"]
[Site "Moscow"]
[Date "2013.07.02"]
[Round "7.15"]
[White "Minald, Andrey"]
[Black "Ghvamberia, Nika"]
[Result "0-1"]
[WhiteElo "1766"]
[BlackElo "2047"]
[PlyCount "86"]
[EventDate "2013.06.25"]
[EventType "team-tourn"]
[EventRounds "7"]
[EventCountry "RUS"]
[SourceTitle "CBM 155 Extra"]
[Source "ChessBase"]
[SourceDate "2013.08.26"]
[SourceVersion "1"]
[SourceVersionDate "2013.08.26"]
[SourceQuality "1"]
[WhiteTeam "Belarus U16"]
[BlackTeam "Georgia U16"]
[WhiteTeamCountry "BLR"]
[BlackTeamCountry "GEO"]

1. d4 Nf6 2. c4 e6 3. Nf3 b6 4. e3 Bb7 5. Bd3 Bb4+ 6. Bd2 Bxd2+ 7. Nbxd2 d6 8. 0-0 Nbd7 9. Qc2 0-0 10. Rfd1 Qe7 11. Rac1 Rfe8 12. Ng5 h6 13. Nge4 c5 14. dxc5 Nxc5 15. Nxc5 bxc5 16. Ne4 Red8 17. b3 Ng4 18. h3 Ne5 19. Be2 Rac8 20. f4 Ng6 21. Bd3 Nh4 22. g3 Nf5 23. Qf2 d5 24. Nc3 Nd6 25. cxd5 exd5 26. Kh2 Qe6 27. Bc2 d4 28. exd4 cxd4 29. Na4 Ne4 30. Bxe4 Rxc1 31. Rxc1 Qxe4 32. Nc5 Qc6 33. b4 Ba8 34. Nb3 Qe4 35. Re1 Qc6 36. Nc5 a5 37. a3 axb4 38. axb4 d3 39. Rd1 Qb5 40. Qe3 Qxb4 41. Nxd3 Qb3 42. Qe7 Qc2+ 43. Nf2 Qxf2# 0-1

[Event "Moscow Dvorkovich Cup U16 8th"]
[Site "Moscow"]
[Date "2013.06.28"]
[Round "4.7"]
[White "Minald, Andrey"]
[Black "Vavulin, Maksim"]
[Result "0-1"]
[WhiteElo "1766"]
[BlackElo "2359"]
[PlyCount "72"]
[EventDate "2013.06.25"]
[EventType "team-tourn"]
[EventRounds "7"]
[EventCountry "RUS"]
[SourceTitle "CBM 155 Extra"]
[Source "ChessBase"]
[SourceDate "2013.08.26"]
[SourceVersion "1"]
[SourceVersionDate "2013.08.26"]
[SourceQuality "1"]
[WhiteTeam "Belarus U16"]
[BlackTeam "Russia U16"]
[WhiteTeamCountry "BLR"]
[BlackTeamCountry "RUS"]

1. d4 Nf6 2. c4 c5 3. d5 b5 4. cxb5 a6 5. Nc3 axb5 6. Nxb5 g6 7. Nc3 Ba6 8. g3 Bg7 9. Bg2 d6 10. Nf3 0-0 11. 0-0 Nbd7 12. Qc2 Ra7 13. Rd1 Qa8 14. e4 Rb8 15. Bg5 h6 16. Bf4 Ng4 17. h3 Nge5 18. Nxe5 Nxe5 19. Bxe5 Bxe5 20. Kh2 Rab7 21. b3 c4 22. bxc4 Rb2 23. Qd3 Rxf2 24. Rab1 Rbb2 25. Rxb2 Rxb2 26. Nb5 Qc8 27. a3 h5 28. Kh1 Qc5 29. Rf1 Kg7 30. a4 Rb4 31. Rc1 Rxa4 32. Qb3 Rb4 33. Qa3 Bb2 34. Qxa6 Bxc1 35. Qa1+ Bb2 36. Qa2 Be5 0-1

[Event "Moscow Dvorkovich Cup U16 8th"]
[Site "Moscow"]
[Date "2013.06.25"]
[Round "1.7"]
[White "Xu, Minghui"]
[Black "Minald, Andrey"]
[Result "0-1"]
[WhiteElo "2117"]
[BlackElo "1766"]
[PlyCount "160"]
[EventDate "2013.06.25"]
[EventType "team-tourn"]
[EventRounds "7"]
[EventCountry "RUS"]
[SourceTitle "CBM 155 Extra"]
[Source "ChessBase"]
[SourceDate "2013.08.26"]
[SourceVersion "1"]
[SourceVersionDate "2013.08.26"]
[SourceQuality "1"]
[WhiteTeam "China U16"]
[BlackTeam "Belarus U16"]
[WhiteTeamCountry "CHN"]
[BlackTeamCountry "BLR"]

1. e4 c5 2. Nf3 d6 3. d4 cxd4 4. Nxd4 Nf6 5. Nc3 a6 6. Be3 e5 7. Nb3 Be6 8. f3 Be7 9. Qd2 b5 10. 0-0-0 Nbd7 11. g4 Nb6 12. Na5 Qc7 13. g5 Nfd7 14. Nd5 Nxd5 15. exd5 Bf5 16. Nc6 Nb8 17. Nxe7 Qxe7 18. Bd3 Bxd3 19. Qxd3 0-0 20. h4 Nd7 21. Rhe1 f5 22. f4 e4 23. Bd4 Qd8 24. Qc3 Rc8 25. Qa3 Qc7 26. Bc3 Nc5 27. Rd2 Qb6 28. Kb1 Rfe8 29. Ba5 Qb7 30. Qe3 Qf7 31. b3 Qd7 32. Ree2 Qf7 33. Bc3 Qc7 34. Bb2 a5 35. h5 Kf8 36. h6 g6 37. Qc3 Qf7 38. Qxa5 e3 39. Rd1 Ne4 40. Rxe3 Ra8 41. Qb6 Qa7 42. Qxa7 Rxa7 43. Rde1 Rae7 44. Kc1 b4 45. Rd1 Ra7 46. Rd4 Rb8 47. Kb1 Re7 48. Rf3 Rc8 49. a3 Rec7 50. Re3 Rxc2 51. Rxb4 Rf2 52. Rexe4 fxe4 53. Rxe4 Rf1+ 54. Ka2 Rc2 55. Rc4 Rd2 56. Rc8+ Ke7 57. Rc7+ Kd8 58. Rxh7 Rff2 59. a4 Rxb2+ 60. Ka3 Ra2+ 61. Kb4 Rxf4+ 62. Kb5 Rb2 63. Kc6 Rxb3 64. Rg7 Rxa4 65. Rg8+ Ke7 66. Rg7+ Kf8 67. Rxg6 Rc4+ 68. Kd7 Rb7+ 69. Kd8 Ra4 70. Kc8 Re7 71. Kb8 Rg4 72. Rf6+ Kg8 73. g6 Rb4+ 74. Kc8 Ra4 75. Kd8 Rb7 76. h7+ Kg7 77. Rf7+ Rxf7 78. gxf7 Kxf7 79. h8N+ Kg7 80. Ke7 Kxh8 0-1